| 000 | 00648nam a22001817a 4500 | ||
|---|---|---|---|
| 005 | 20251108174532.0 | ||
| 008 | 250721s2008 xx 000 0 ara d | ||
| 082 | 1 | 4 | _a327.567101073/جبا |
| 100 | 1 |
_aالجبارات، محمود محمد هملان _eمؤلف |
|
| 245 | 1 | 0 | _aالعلاقات اليمنية الأمريكية 1904 - 1948 م ( عهد الإمام يحيى حميد الدين) / |
| 264 | 1 |
_aعمان : _bالجبارات، _c2008. |
|
| 300 | _a392 ص. | ||
| 650 | 1 | 7 | _aالعلاقات الدوليه |
| 650 | 1 | 7 | _aتاريخ اليمن |
| 650 | 1 | 7 | _aالولايات المتحده |
| 942 |
_2ddc _cBK |
||
| 999 |
_c111633 _d111633 |
||